000 00418nam a2200169Ia 4500
008 170705s9999 xx 000 0 und d
020 _a9780590118774
245 _aMiss Nelson has a field day! /
245 _cHarry Allard and James Marshall.
260 _aNew York :
260 _bScholastic,
260 _c1977
300 _a32 pages :
300 _bcolor illustration ;
300 _c23cm.
500 _a340
999 _c335637
_d335637